000 00541 a2200169 4500
005 20250516111443.0
020 _a0-13-153688-5
082 _a658. 403 REN
100 _aRENDER, B.
245 _aQuantitative Analysis for Management
250 _a9th Ed.
260 _aSingapore,
_bPrentice Hall,
_c2006.
300 _axix, 731p.: ill.; figure, picture, table.
_bBibliography, index.
_c27cm.
700 _aSTAIR, R. M. & HANNA, M. E
856 _yAccess online book
_fQuantitative Analysis for Management
_dwww.prenhall.com
942 _2ddc
_cBKS
999 _c2391
_d2391